Normale Ansicht MARC-Ansicht ISBD

Sovetskij Sojuz : (Titelsatznr. 42303)

[ MARC ]
MARC-Details
000 -Satzkennung
Kontrollfeld mit fester Länge 00577nam a22002051c 4500
001 - Kontrollnummer
Kontrollfeld 830068910
008 - Feld mit fester Länge zur physischen Beschreibung - Allgemeine Angaben
Kontrollfeld mit fester Länge 170613s2015 gw |||| 000u rus d
020 ## - Internationale Standardbuchnummer
Internationale Standardbuchnummer 9785969108592
Verknüpfung 978-5-9691085-9-2
041 ## - Sprachcode
Sprachcode des Textes/der Tonspur oder des separaten Titels rus
040 ## - Katalogisierungsquelle
Übertragungsstelle RU-10907106
003 - Kontrollnummer Identifier
Kontrollfeld RU-10907106
100 1# - Haupteintragung - Personenname
Personenname Medvedev, Roj Aleksandrovič
245 00 - Titel
Titel Sovetskij Sojuz :
Zusatz zum Titel poslednie gody žizni /
Verfasserangabe etc. Roj Medvedev
264 ## - Produktion, Veröffentlichung, Distribution, Herstellung und Urheberrechtsvermerk
Herstellungs-, Veröffentlichungs- Vertriebs-, Erzeugungsort Moskva :
Produzent, Herausgeber, Distributor, Hersteller Vremja,
Datum der Herstellung, der Veröffentlichung, des Vertriebs oder des Urheberschutzvermerks 2015
300 ## - Physische Beschreibung
Umfang 416 S.
490 #0 - Gesamttitelangabe
Gesamttitelangabe Sobranija socinenij Žoresa i Roja Medvedevych
600 #0 - Nebeneintragung unter einem Schlagwort - Personenname
Personenname Gorbačev, Michail
650 #0 - Nebeneintragung unter einem Schlagwort - Sachschlagwort
Sachschlagwort oder geografischer Name als Eintragungselement Sowjetunion
942 ## - Zusätzliche Felder (Koha)
Koha-Medientyp Monographien
Exemplare
Ausgeschieden Verloren Klassifikation oder Aufstellungssystematik Beschädigt Nicht entleihbar Heimatbibliothek Aufenthaltsbibliothek Aufstellungsort Erwerbungsdatum Inventarnummer Signatur Barcode Letzte Aktivität Preis gültig von Koha-Medientyp
    Andere/Generische Klassifikation     MWN Osteuropa MWN Osteuropa Magazin - 2 13/06/2017 17-02827 R 65 b Med E004015078FBB17A 23/02/2021 22/03/2021 Monographien